000
00370nam a22001577a 4500
003
MPLRDC
005
20220104142946.0
008
210129b ||||| |||| 00| 0 eng d
082
_a
415.237 SY c.2
100
_a
宋瑛
245
_a
没有鼻子的人
_c
260
_a
_b
国际文化事业公司
_c
300
_b
平
650
_a
性病
942
_c
BK
_o
415.237 SY c.2
999
_c
35275
_d
35265